00597 2200205 4500001002100000005001700021008004100038035002500079040001200104082001100116090001900127100002200146245008400168250001900252260003200271300002400303650003500327850001200362990001700374INLIS00000000000670220150622092807.0 ind  a0010-061500000000823 aYOPDYOG a025.42 aR 025.42 Ham P aHAMAKONDA, Towa P aPengantar klasifikasi persepuluhan deweycoleh Towa P. Hamakonda, J.N.B. Tairas aEd. 5, Cet. 11 aJakartabGunung Muliac2002 axiv, 258 hlmc21 cm aKlasifikasi persepuluhan Dewey aYOPDYOG a3325-PD/P.04